OPAC Home

භූරිදත්ත (Record no. 90726)

MARC details
000 -LEADER
fixed length control field 00405nam a2200169Ia 4500
003 - CONTROL NUMBER IDENTIFIER
control field LK-CoDNM
008 - FIXED-LENGTH DATA ELEMENTS--GENERAL INFORMATION
fixed length control field 010623t1921 xxu||||| |||| 00| 1 sin d
040 ## - CATALOGING SOURCE
Original cataloging agency LK-CoDNM
Modifying agency LK-CoDNM
Description conventions LK-CoDNM
041 ## - LANGUAGE CODE
Language code of text/sound track or separate title Sinhala; Sinhalese
080 ## - UNIVERSAL DECIMAL CLASSIFICATION NUMBER
Universal Decimal Classification number 104 I 2
942 ## - ADDED ENTRY ELEMENTS (KOHA)
Koha item type Books
100 ## - MAIN ENTRY--PERSONAL NAME
Personal name Dias,Charles.
245 ## - TITLE STATEMENT
Title භූරිදත්ත
246 ## - VARYING FORM OF TITLE
Title proper/short title Bhuridatta
260 ## - PUBLICATION, DISTRIBUTION, ETC. (IMPRINT)
Name of publisher, distributor, etc. Sudarmarama
Place of publication, distribution, etc. Colombo
Date of publication, distribution, etc. 1921
300 ## - PHYSICAL DESCRIPTION
Other physical details 41p, 21 cm

No items available.

Copyright © 2023 Department of National Museum, Colombo 07, Sri Lanka Funded by UNESCO IFAP UNESCO